| 000 | 00533 a2200181 4500 | ||
|---|---|---|---|
| 999 |
_c26513 _d26513 |
||
| 008 | 230731b ||||| |||| 00| 0 eng d | ||
| 020 | _a9780764555275 | ||
| 041 | 0 | _aeng | |
| 082 | 0 | 0 |
_a621.902 _bM6471 |
| 100 | _aMiller, R. | ||
| 245 |
_aAudel Machine Shop Tools and Operations / _cRex Miller, and Mark Richard Miller |
||
| 250 | _a5th ed. | ||
| 260 |
_a[S.l.] : _bWiley publishing, inc _cc2004. |
||
| 300 |
_axi, 446 p. : _bill. ; _c21 cm. |
||
| 650 | 0 | _aMachine Tools | |
| 700 |
_95623 _aMiller, Mark Richard |
||
| 942 |
_2ddc _cBK |
||